[Event "Aegean Open"]
[Site "Agios Kirykos GRE"]
[Date "2004.07.14"]
[Round "2"]
[White "Zakarian,D"]
[Black "Tsikerdanos,K"]
[Result "1-0"]
[WhiteElo "2328"]
[BlackElo "2059"]

1.e4 c5 2.Nf3 Nc6 3.Bb5 d6 4.O-O Nf6 5.e5 Nd5 6.Nc3 Nc7 7.Bxc6+ bxc6 8.h3 Ne6
9.Re1 g6 10.exd6 exd6 11.d4 Bg7 12.dxc5 d5 13.Bf4 O-O 14.Bd6 Re8 15.Ne5 Nxc5
16.Nxf7 Rxe1+ 17.Qxe1 Kxf7 18.Bxc5 Bf5 19.Qd2 Qh4 20.Re1 Bf6 21.Qe2 Qg5 22.Qa6 Rd8
23.Qxa7+ Kg8 24.h4 Qxh4 25.Qc7 d4 26.g3 Qg5 27.Nb1 Bd7 28.Qb6 Qd5 29.Nd2 Bh3
30.Ne4 Kg7 31.Kh2 Re8 32.f3 Rxe4 33.Rxe4 Qh5 34.Qc7+ Bd7+ 35.Kg1 Qxc5 36.Qxd7+ Kh6
37.Qh3+ Kg7 38.Qd7+ Kh6 39.Kh1 Qxc2 40.Qh3+ Kg7 41.Qd7+ Kh6 42.Qf7 Qb1+ 43.Kg2 Qxb2+
44.Kh3  1-0

[Event "XIII Open"]
[Site "Castellar del Valles ESP"]
[Date "2004.07.15"]
[Round "2"]
[White "Pablo Marin,A"]
[Black "Gomez Jurado,L"]
[Result "1-0"]
[WhiteElo "2404"]
[BlackElo "2275"]

1.e4 c5 2.Nf3 Nc6 3.Bb5 e6 4.O-O Nge7 5.c3 a6 6.Be2 d5 7.exd5 Nxd5 8.d4 cxd4
9.Nxd4 Bd6 10.Nxc6 bxc6 11.c4 Nf6 12.Nc3 Qc7 13.h3 Bb7 14.Bf3 O-O 15.Be3 Rfd8
16.Qb3 Nd7 17.Rfd1 Rab8 18.Ba7 Ra8 19.Rxd6 Rxa7 20.Rad1 Raa8 21.Na4 Ne5 22.Rxd8+ Rxd8
23.Rxd8+ Qxd8 24.Qxb7 Nxf3+ 25.gxf3 Qg5+ 26.Kf1 Qc1+ 27.Ke2 Qxc4+ 28.Ke3 Qc1+
29.Kd4 e5+ 30.Kxe5 f6+ 31.Kd6 Qf4+ 32.Ke7 Qe5+ 33.Kd8 Qd6+ 34.Kc8 g5 35.Qd7 Qe5
36.Qd8+ Kg7 37.Qc7+ Kg6 38.Qxe5 fxe5 39.Nc5 Kf5 40.Nxa6 h5 41.Nc5 Kf4 42.a4 Kxf3
43.a5 g4 44.hxg4  1-0

[Event "Open"]
[Site "Condom FRA"]
[Date "2004.07.15"]
[Round "7"]
[White "Verduyn,P"]
[Black "Bouthier,J"]
[Result "1/2-1/2"]
[WhiteElo "2142"]
[BlackElo "2016"]

1.e4 c5 2.Nf3 Nc6 3.Bb5 g6 4.O-O Bg7 5.Re1 Nf6 6.e5 Nd5 7.Nc3 Nc7 8.Bxc6 dxc6
9.h3 O-O 10.d3 Ne6 11.Ne4 f5 12.exf6 exf6 13.Rb1 h6 14.Ng3  1/2-1/2

[Event "Glassy Stream Open"]
[Site "Kharkov UKR"]
[Date "2004.07.15"]
[Round "7"]
[White "Aveskulov,V"]
[Black "Gasanov,E"]
[Result "1/2-1/2"]
[WhiteElo "2413"]
[BlackElo "2448"]

1.e4 c5 2.Nf3 Nc6 3.Bb5 d6 4.O-O Bd7 5.Re1 Nf6 6.c3 a6 7.Bf1 Bg4 8.d3 e6
9.Nbd2 Nd7 10.h3 Bh5 11.Qb3 Nde5 12.Nh2 g5 13.g4 Bg6 14.Ndf3 Be7 15.Be3 h5
16.Nxe5 dxe5 17.Nf3 Kf8 18.Rad1 hxg4 19.hxg4 Kg7 20.Bg2 b5 21.Qc2 Rc8 22.Qe2 Rc7
23.a4 Rd7 24.axb5 axb5 25.Rd2  1/2-1/2

[Event "Open"]
[Site "Condom FRA"]
[Date "2004.07.16"]
[Round "8"]
[White "Sofronie,I"]
[Black "Pham Minh Hoang"]
[Result "1-0"]
[WhiteElo "2436"]
[BlackElo "2446"]

1.e4 c5 2.Nf3 Nc6 3.Bb5 g6 4.Bxc6 dxc6 5.d3 Bg7 6.h3 Nf6 7.Nc3 O-O 8.Be3 b6
9.Qd2 e5 10.Bh6 Qd6 11.Nh2 Nh5 12.Ne2 Be6 13.g4 Nf4 14.Bxg7 Kxg7 15.Nxf4 exf4
16.Nf3 f6 17.Qc3 Kg8 18.O-O-O b5 19.d4 c4 20.Qa5 b4 21.Qc5 Rfd8 22.Rhe1 a5
23.Qxd6 Rxd6 24.e5 fxe5 25.Ng5 Bd5 26.dxe5 Rdd8 27.c3 bxc3 28.bxc3 Rab8 29.Rd4 a4
30.Rxf4 a3 31.Re2 Rf8 32.Rxf8+ Rxf8 33.e6 Re8 34.e7 Kh8 35.Re5 Kg7 36.f4 h6
37.Ne4 Bxe4 38.Rxe4 Kf6 39.Kd2 c5 40.Ke3 g5 41.f5 Kf7 42.Re6 Rxe7 43.Rxe7+ Kxe7
44.Ke4 Kd6 45.f6 Ke6 46.f7 Kxf7 47.Kd5 h5 48.Kxc5 hxg4 49.hxg4 Ke6 50.Kxc4 Ke5
51.Kb5 Kf4 52.c4 Kxg4 53.c5  1-0

[Event "ACT Open"]
[Site "Amsterdam NED"]
[Date "2004.07.17"]
[Round "1"]
[White "Tan,Mat"]
[Black "Pavlovic,Mi"]
[Result "1/2-1/2"]
[WhiteElo "2264"]
[BlackElo "2545"]

1.e4 c5 2.Nf3 Nc6 3.Bb5 d6 4.O-O Bd7 5.Re1 Nf6 6.c3 a6 7.Bf1 Bg4 8.d4 cxd4
9.cxd4 e5 10.d5 Nd4 11.Be3 Nxf3+ 12.gxf3 Bd7 13.a4 Be7 14.Qb3 O-O 15.Na3 Nh5
16.f4 Nxf4 17.Bxf4 exf4 18.Nc4 b5 19.axb5 axb5 20.Rxa8 Qxa8 21.Nb6 Qa7 22.Nxd7 Qxd7
23.Bh3 Qa7 24.Qb4 Rd8 25.Kg2 Bf6 26.Rc1 Qe7 27.f3 g6 28.Qd2 Kg7 29.Rc8 Rxc8
30.Bxc8 Qc7 31.Ba6 Qc4 32.h3 Qb3 33.Qe2 b4 34.Bc4 Qa4 35.Qd2 b3 36.Qd3 Qa1
37.Bxb3 Qxb2+ 38.Qc2 Qe5 39.Qf2 Bd8 40.Bc4 Ba5 41.Be2 Bb4 42.Qf1 Bc5 43.Bd3 Kh6
44.Kh1 Qd4 45.Kg2 Qe3 46.Kh1 Bd4 47.Kg2 Kg7 48.Kh1 h5 49.Kg2 g5 50.Be2 g4
51.fxg4 Qg3+ 52.Kh1 f3 53.Bxf3 Be5 54.Qg2 Qe1+ 55.Qg1 Qxg1+  1/2-1/2

[Event "ACT Open"]
[Site "Amsterdam NED"]
[Date "2004.07.18"]
[Round "2"]
[White "Martens,M"]
[Black "Van Wely,L"]
[Result "0-1"]
[WhiteElo "2430"]
[BlackElo "2680"]

1.e4 c5 2.Nf3 Nc6 3.Bb5 g6 4.O-O Bg7 5.c3 Nf6 6.Re1 O-O 7.h3 Qb6 8.Ba4 a6
9.d4 cxd4 10.cxd4 d5 11.e5 Ne4 12.Nc3 Nxc3 13.bxc3 Na5 14.Bg5 Qc7 15.Qc1 Bf5
16.g4 Bd7 17.Bd1 Rfe8 18.Bf4 Qc6 19.Ng5 f6 20.Nf3 Rac8 21.Kg2 g5 22.Be3 h6
23.Qc2 Nc4 24.Bc1 Rf8 25.Qe2 fxe5 26.dxe5 Rxf3 27.Qxf3 Nxe5 28.Qe2 Ng6 29.Rb1 Bxc3
30.Rf1 Bf6 31.Qd3 Kg7 32.f4 Qc7 33.fxg5 hxg5 34.Rf2 e5 35.Bc2 e4 36.Qa3 Bc6
37.Bb2 Nf4+ 38.Kg1 d4 39.Rh2 e3 40.Bf5 Rh8  0-1

[Event "XIII Open"]
[Site "Castellar del Valles ESP"]
[Date "2004.07.18"]
[Round "5"]
[White "Alonso Moyano,J"]
[Black "Grigore,Ge"]
[Result "1-0"]
[WhiteElo "2269"]
[BlackElo "2507"]

1.e4 c5 2.Nf3 Nc6 3.Bb5 g6 4.O-O Bg7 5.c3 Nf6 6.Re1 O-O 7.d4 d5 8.e5 Ne4
9.Bxc6 bxc6 10.Nbd2 cxd4 11.cxd4 Bf5 12.Nh4 c5 13.Nxf5 gxf5 14.dxc5 Nxc5
15.Qh5 Qd7 16.Nf3 Ne4 17.Bh6 f6 18.Bxg7 Kxg7 19.e6 Qxe6 20.Nd4 Qb6 21.Rad1 e6
22.f3 e5 23.fxe4 fxe4 24.Re3 exd4 25.Rh3 d3+ 26.Kh1 Rg8 27.Qxh7+ Kf8 28.Rf1 Re8
29.Rh6 Re6 30.Qd7 Qc6 31.Qxa7 Qd6 32.Rh7 Re7 33.Qa8+ Re8 34.Qxd5  1-0

[Event "XIII Open"]
[Site "Castellar del Valles ESP"]
[Date "2004.07.19"]
[Round "6"]
[White "Mela,B"]
[Black "Gomez Jurado,L"]
[Result "1/2-1/2"]
[WhiteElo "2366"]
[BlackElo "2275"]

1.e4 c5 2.Nf3 Nc6 3.Bb5 e6 4.O-O Nge7 5.Nc3 a6 6.Be2 Nd4 7.Nxd4 cxd4 8.Nb1 d5
9.d3 dxe4 10.dxe4 Nc6 11.f4 Bc5 12.Kh1 O-O 13.a3 b5 14.Nd2 Ra7 15.Bd3 f5
16.Nf3 Re7 17.Qe1 Qe8 18.b4 Bb6 19.Bb2 e5 20.Qd1 exf4 21.exf5 Qh5 22.c4 Bxf5
23.Bxf5 Qxf5 24.c5 Bc7 25.Nxd4 Nxd4 26.Qxd4 Rd8 27.Qc3 Rd3 28.Qc2 Qd5 29.Rad1 Ree3
30.Bc1 Rh3 31.Rxd3 Rxd3  1/2-1/2

[Event "Aegean Open"]
[Site "Agios Kirykos GRE"]
[Date "2004.07.20"]
[Round "9"]
[White "Zagrebelny,S"]
[Black "Parligras,M"]
[Result "0-1"]
[WhiteElo "2499"]
[BlackElo "2564"]

1.e4 c5 2.Nf3 Nc6 3.Bb5 d6 4.Bxc6+ bxc6 5.O-O e5 6.c3 Nf6 7.d4 exd4 8.Re1 dxc3
9.Nxc3 Ng4 10.Qa4 Qc7 11.e5 Nxe5 12.Nd5 Qb7 13.Nxe5 dxe5 14.Rxe5+ Be6 15.Bf4 O-O-O
16.Rae1 Bxd5 17.Re8 Be6 18.R1xe6 fxe6 19.Rxe6 Rd4 20.Rxc6+ Kd8 21.Qa5+ Qb6  0-1

[Event "Open"]
[Site "Balatonlelle HUN"]
[Date "2004.07.20"]
[Round "2"]
[White "Wegerer,J"]
[Black "Csiszar,C"]
[Result "0-1"]
[WhiteElo "2071"]
[BlackElo "2390"]

1.e4 c5 2.Nf3 Nc6 3.Bb5 d6 4.Bxc6+ bxc6 5.b3 e5 6.O-O Nf6 7.d3 g6 8.h3 Bg7
9.Be3 O-O 10.Nbd2 Ne8 11.Nh2 f5 12.f3 Nf6 13.Rc1 f4 14.Bf2 Nh5 15.Re1 Bf6
16.Re2 Bh4 17.Ndf1 Ng3 18.Bxg3 fxg3 19.Ng4 Bg5 20.Rb1 Bf4 21.c4 Rb8 22.Nge3 Rf7
23.Qe1 Qh4 24.Reb2 Rfb7 25.Nd1 h5 26.Nc3 g5 27.Ne2 g4 28.Nexg3 gxf3 29.Nf5 Qxe1
30.Rxe1 Bxf5 31.exf5 Rg7 32.Kh1 fxg2+ 33.Rxg2 Rf8 34.Ne3 Bxe3 35.Rxe3 Rxf5
36.Rxg7+ Kxg7 37.Kg2 Kf6 38.Re2 Rf4 39.Re3 h4 40.Re2 Kf5 41.Re1 e4 42.dxe4+ Ke5
43.Re2 Rxe4 44.Rc2 Re3 45.Kh2 Ke4 46.Rg2 Kf3 47.Rg6 Re2+ 48.Kh1 Rd2 49.Rg4 d5
50.cxd5 cxd5 51.Rxh4 d4 52.Rh7 Rxa2 53.Rd7 Ke3 54.Re7+ Kd3 55.h4 Kc3 56.Re5 Kb4
57.Rd5 Ra6 58.Kg2 Rc6 59.Rd7 Kxb3 60.Rxa7 Rh6 61.Kg3 d3  0-1

[Event "ACT Open"]
[Site "Amsterdam NED"]
[Date "2004.07.21"]
[Round "5"]
[White "Ris,R"]
[Black "Slingerland,F"]
[Result "1-0"]
[WhiteElo "2336"]
[BlackElo "2252"]

1.e4 c5 2.Nf3 Nc6 3.Bb5 g6 4.Bxc6 bxc6 5.O-O Bg7 6.d3 Nf6 7.Re1 O-O 8.Nbd2 Rb8
9.c3 d6 10.b3 Ba6 11.Qc2 Nd7 12.Bb2 d5 13.c4 Bxb2 14.Qxb2 Nb6 15.Qa3 Bc8
16.Qxc5 Qd6 17.Qe3 dxc4 18.dxc4 Qf6 19.e5 Qg7 20.Ne4 Bg4 21.Nd4 Rbc8 22.h3 Bf5
23.Nc5 Rfd8 24.g4 Nd7 25.Nb7 c5 26.Nf3  1-0

[Event "Open"]
[Site "Balatonlelle HUN"]
[Date "2004.07.21"]
[Round "3"]
[White "Vajda,Al1"]
[Black "Kragelj,I"]
[Result "1-0"]
[WhiteElo "2438"]
[BlackElo "2247"]

1.e4 c5 2.Nf3 Nc6 3.Bb5 e6 4.Bxc6 bxc6 5.d3 Qc7 6.O-O e5 7.Nc3 Nf6 8.Nh4 d6
9.f4 exf4 10.Bxf4 Be7 11.Nf3 O-O 12.Qd2 Nd7 13.Rae1 f6 14.Nd1 Ne5 15.Ne3 g6
16.b3 Be6 17.Kh1 Qd7 18.Bg3 Rae8 19.Qa5 Bd8 20.Qa4 Be7 21.Nd2 Rb8 22.a3 Rb5
23.b4 cxb4 24.d4 bxa3 25.dxe5 dxe5 26.Rd1 Qc7 27.c3 Rfb8 28.Nec4 Kg7 29.Bf2 R8b7
30.Be3 Kg8 31.Nb1  1-0

[Event "ACT Open"]
[Site "Amsterdam NED"]
[Date "2004.07.22"]
[Round "6"]
[White "Spaan,T"]
[Black "Wiersma,E"]
[Result "0-1"]
[WhiteElo "2305"]
[BlackElo "2421"]

1.e4 c5 2.Nf3 Nc6 3.Bb5 g6 4.Bxc6 bxc6 5.O-O Bg7 6.d3 e5 7.Be3 d6 8.c3 f5
9.d4 fxe4 10.Ng5 d5 11.dxe5 h6 12.Qa4 Ne7 13.Nxe4 dxe4 14.Bxc5 O-O 15.Qxe4 Bf5
16.Qd4 Rf7 17.Na3 Be6 18.f4 Rb8 19.Qxd8+ Rxd8 20.Rad1 Rd5 21.Rxd5 Nxd5 22.g3 Nb6
23.b3 Rd7 24.Bd4 Bf8 25.Nc2 c5 26.Be3 Bf5 27.Ne1 Nd5 28.Ng2 Nxc3 29.Nh4 Be4
30.Re1 Nxa2 31.g4 Be7 32.Bf2 Nc3 33.e6 Rd1 34.f5 gxf5 35.gxf5 Kg7  0-1

[Event "ACT Open"]
[Site "Amsterdam NED"]
[Date "2004.07.23"]
[Round "7"]
[White "Hamelink,D"]
[Black "Van den Berg,Ad"]
[Result "0-1"]
[WhiteElo "2219"]
[BlackElo "2286"]

1.e4 c5 2.Nf3 Nc6 3.Bb5 e5 4.O-O Nge7 5.Nc3 d6 6.d3 h6 7.Ne1 Ng6 8.f4 exf4
9.Nd5 Be6 10.Bxf4 a6 11.Ba4 b5 12.Bb3 Nd4 13.Bg3 Nxb3 14.axb3 Bxd5 15.exd5 Be7
16.Nf3 O-O 17.d4 cxd4 18.Nxd4 Bf6 19.Nc6 Qd7 20.c3 Rfe8 21.Qd3 Be5 22.Rae1 Bxg3
23.Qxg3 a5 24.Rxe8+ Rxe8 25.Nd4 Re5 26.c4 bxc4 27.bxc4 Qa7 28.Qf2 Re4 29.Nb5 Qxf2+
30.Rxf2 Rxc4 31.Nxd6 Rd4 32.b3 Rxd5 33.Nc4 Ne7 34.Re2 Nc6 35.Re8+ Kh7 36.Ra8 f5
37.Ra6 Rc5 38.h3 f4 39.Kf2 g5 40.Kg1 Kg7 41.Kf2 h5 42.g3 f3 43.g4 h4 44.Ke3 Kf8
45.Kxf3 Nd4+ 46.Ke4 Nxb3 47.Ne5 Rb5 48.Ra8+ Ke7 49.Ra7+ Kd6 50.Nf7+ Kc6 51.Ne5+ Kb6
52.Rg7 Nc5+ 53.Kf3 Ne6 54.Nd7+ Kc6 55.Rf7 a4 56.Nf6 Rb7 57.Rxb7 Kxb7 58.Nd5 Kc6
59.Ke4 Kc5 60.Ke5 Nf4 61.Nc3 Kb4  0-1

[Event "MTO"]
[Site "Biel SUI"]
[Date "2004.07.23"]
[Round "5"]
[White "Ermeni,A"]
[Black "Schneider,Il"]
[Result "1-0"]
[WhiteElo "2265"]
[BlackElo "2370"]

1.e4 c5 2.Nf3 Nc6 3.Bb5 g6 4.O-O Bg7 5.Re1 Nf6 6.e5 Nd5 7.d3 Nc7 8.Bxc6 dxc6
9.Nbd2 Bg4 10.h3 Bxf3 11.Nxf3 Qd5 12.b3 Ne6 13.Bb2 O-O-O 14.a4 g5 15.a5 h5
16.Ra4 Rh7 17.Rae4 g4 18.Nh4 Ng5 19.R4e3 gxh3 20.Rg3 Ne6 21.Rxh3 Rg8 22.Rg3 Rhh8
23.Nf5 Bf8 24.Ne3 Qd8 25.Rxg8 Rxg8 26.Qxh5 Rg7 27.a6 b5 28.Qf3 Kc7 29.Nf5 Rh7
30.Qg3 Bg7 31.Re4 Kb6 32.Rg4 Qh8 33.f3 Rh1+ 34.Kf2 Rb1 35.Rh4 Qf8 36.Bc3 Rc1
37.Ne3 Bh6 38.f4 Bxf4 39.Rxf4 Nxf4 40.Qxf4 Kxa6 41.e6  1-0

[Event "MTO"]
[Site "Biel SUI"]
[Date "2004.07.23"]
[Round "5"]
[White "Kobalia,M"]
[Black "Cherniaev,A1"]
[Result "1-0"]
[WhiteElo "2618"]
[BlackElo "2500"]

1.e4 c5 2.Nf3 Nc6 3.Bb5 Nf6 4.Bxc6 dxc6 5.d3 Nd7 6.Be3 e5 7.Nbd2 Bd6 8.a3 O-O
9.O-O Qe7 10.h3 b6 11.Rb1 Re8 12.c3 Ba6 13.Qc2 Rad8 14.Rfd1 Nf8 15.b4 Bb8
16.Nc4 cxb4 17.axb4 Rd7 18.Qa2 Bb7 19.Ra1 Kh8 20.Qb1 Ng6 21.Ra2 f6 22.Ncd2 Red8
23.d4 Re8 24.Ra1 Rdd8 25.Re1 Bc8 26.b5 exd4 27.cxd4 cxb5 28.Qxb5 Bd7 29.Qb3 Rc8
30.d5 Qf7 31.Rad1 Nf4 32.Bxf4 Bxf4 33.Qa3 Rc7 34.d6 Rb7 35.Nf1 Bc8 36.Ng3 Rd7
37.Ne2 Be5 38.Nxe5 fxe5 39.Nc3 Red8 40.Re3 h6 41.Red3 Bb7 42.f3 Bc6 43.Qb4 Qe6
44.Ne2 Rb7 45.Ng3 a5 46.Qb2 b5 47.Nf5 b4 48.Rc1 Bd7 49.Rc5 a4 50.Nxg7 a3
51.Qa1 Kxg7 52.Rxe5 Kh7 53.Rxe6 Bxe6 54.Qf6 a2 55.Rd1 b3 56.Qxd8 b2 57.d7  1-0

[Event "MTO"]
[Site "Biel SUI"]
[Date "2004.07.23"]
[Round "5"]
[White "Alekseev,Evgeny"]
[Black "Shariyazdanov,A"]
[Result "1/2-1/2"]
[WhiteElo "2606"]
[BlackElo "2572"]

1.e4 c5 2.Nf3 Nc6 3.Bb5 Nf6 4.e5 Nd5 5.O-O g6 6.Re1 Bg7 7.Nc3 Nc7 8.Bxc6 dxc6
9.Ne4 b6 10.Nf6+ Kf8 11.Ne4 Bg4  1/2-1/2

[Event "7th Open"]
[Site "Korinthos GRE"]
[Date "2004.07.23"]
[Round "2"]
[White "Margaritis,F"]
[Black "Perunovic,Mil"]
[Result "0-1"]
[WhiteElo "2119"]
[BlackElo "2555"]

1.e4 c5 2.Nf3 Nc6 3.Bb5 g6 4.c3 Nf6 5.e5 Nd5 6.d4 cxd4 7.Qb3 Nc7 8.Bc4 Ne6
9.cxd4 Na5 10.Qc3 Nxc4 11.Qxc4 Qc7 12.Qc3 Qxc3+ 13.Nxc3 b6 14.d5 Nc7 15.Bf4 Bg7
16.O-O Bb7 17.Rfd1 Rc8 18.Rac1 O-O 19.Bg3 Nxd5 20.Nxd5 Bxd5 21.h3 e6 22.a3 Bh6
23.Rxc8 Rxc8 24.Kh2 Bc1 25.Nd4 Bxb2 26.Nb5 a6 27.Nd6 Rc1 28.Rd2 Bxa3 29.Ne8 Be7  0-1

[Event "7th Open"]
[Site "Korinthos GRE"]
[Date "2004.07.23"]
[Round "3"]
[White "Gelashvili,T"]
[Black "Kapnisis,S"]
[Result "1/2-1/2"]
[WhiteElo "2573"]
[BlackElo "2429"]

1.e4 c5 2.Nf3 Nc6 3.Bb5 g6 4.Bxc6 bxc6 5.O-O Bg7 6.d3 Nh6 7.Nc3 d6 8.h3 O-O
9.Be3 f6 10.Qd2 Nf7 11.Nh2 e5 12.f4 exf4 13.Rxf4 f5 14.exf5 Bxf5 15.Raf1 Qe7
16.g4 Rae8 17.gxf5 Qxe3+ 18.Qxe3 Rxe3 19.Ng4 Rxh3 20.fxg6 hxg6 21.Nf6+ Bxf6
22.Rxf6 Kg7 23.Ne4 Rh5 24.R1f2 Rf5 25.R2xf5 gxf5 26.Rxf5 Rd8 27.Kf1 Kf8 28.Ke2 Ke7
29.Kd2 Rh8 30.Ng5 Nxg5 31.Rxg5 Kf7 32.Rg4 Rb8 33.Kc3 Rb7 34.b4 cxb4+ 35.Rxb4 Rb6
36.Ra4 Rb7 37.Re4 Rb6 38.a3 Rb7 39.Rb4 Rb6 40.Ra4 Rb7 41.Re4 Rb6 42.Rh4 Ke6
43.Rh7 Ra6 44.Kd4 c5+ 45.Ke4  1/2-1/2

[Event "Skanska Open"]
[Site "Pardubice CZE"]
[Date "2004.07.23"]
[Round "1"]
[White "Kindermann,S"]
[Black "Kraemer,Mar"]
[Result "1-0"]
[WhiteElo "2535"]
[BlackElo "2295"]

1.e4 c5 2.Nf3 Nc6 3.Bb5 e6 4.Bxc6 bxc6 5.d3 Ne7 6.O-O Ng6 7.Ng5 Be7 8.f4 d5
9.Nc3 e5 10.Qh5 Bxg5 11.Qxg5 f6 12.Qh5 O-O 13.f5 Nh8 14.Rf3 Nf7 15.Rh3 h6
16.Rg3 Kh8 17.Qg6 Ng5 18.Bxg5 hxg5 19.Rh3+ Kg8 20.Rh7  1-0

[Event "Skanska Open"]
[Site "Pardubice CZE"]
[Date "2004.07.23"]
[Round "1"]
[White "Raudive,A"]
[Black "Moroz,A"]
[Result "0-1"]
[WhiteElo "2276"]
[BlackElo "2498"]

1.e4 c5 2.Nf3 Nc6 3.Bb5 e6 4.O-O Nge7 5.Re1 Ng6 6.c3 a6 7.Bf1 Be7 8.d4 cxd4
9.cxd4 d5 10.e5 O-O 11.Nc3 f6 12.exf6 Bxf6 13.Be3 Bd7 14.Qd2 Be7 15.Bd3 Bd6
16.Bxg6 hxg6 17.Bg5 Qc7 18.Bh4 Rxf3 19.gxf3 Bxh2+ 20.Kg2 Bf4 21.Qd3 g5 22.Bg3 Rf8
23.Rh1 Rf5 24.Bxf4 gxf4 25.Rh4 Qd8 26.Rah1 Qf6 27.Ne2 Ne7 28.Qd2 Ng6 29.Rg4 e5
30.Kf1 e4 31.Rhg1 Be8 32.Qc1 exf3 33.Qc8 Qe7 34.Nc3 Rf8  0-1

[Event "Mark Pinto IM"]
[Site "San Francisco USA"]
[Date "2004.07.23"]
[Round "3"]
[White "Ganbold,O"]
[Black "Sevillano,E"]
[Result "1/2-1/2"]
[WhiteElo "2384"]
[BlackElo "2464"]

1.e4 c5 2.Nf3 Nc6 3.Bb5 e5 4.Bxc6 dxc6 5.O-O f6 6.d3 Be6 7.Nc3 Bd6 8.Nh4 Ne7
9.Qh5+ g6 10.Qh6 Qd7 11.Nf3 O-O-O 12.Nd2  1/2-1/2

[Event "7th Open"]
[Site "Korinthos GRE"]
[Date "2004.07.24"]
[Round "4"]
[White "Baklan,V"]
[Black "Timoshenko,G"]
[Result "1/2-1/2"]
[WhiteElo "2595"]
[BlackElo "2536"]

1.e4 c5 2.Nf3 Nc6 3.Bb5 d6 4.Bxc6+ bxc6 5.e5 dxe5 6.Nxe5 Qd5 7.Nf3 Bg4 8.d3 Bxf3
9.Qxf3 Qxf3 10.gxf3 e6 11.Be3 Nf6 12.Nd2 Be7 13.O-O-O O-O 14.Nb3 Nd7 15.d4 cxd4
16.Nxd4 Nb8 17.Nb3 Rc8 18.Rhg1 Kf8 19.Rg4 g6 20.Ra4 a6 21.Bc5 Ke8 22.Rb4 Bxc5
23.Nxc5 Ra7 24.Rb6 Ke7 25.a4 a5 26.Rd3 h5 27.Rdb3 Nd7 28.Rb7  1/2-1/2

[Event "Specsavers YM"]
[Site "Millfield School ENG"]
[Date "2004.07.24"]
[Round "8"]
[White "Rendle,T"]
[Black "McPhillips,K"]
[Result "1/2-1/2"]
[WhiteElo "2258"]
[BlackElo "2172"]

1.e4 c5 2.Nf3 Nc6 3.Bb5 g6 4.O-O Bg7 5.Bxc6 dxc6 6.d3 e5 7.Nc3 Qe7 8.Be3 Nh6
9.Qc1 Ng4 10.Bd2 Nf6 11.Bh6 O-O 12.h3 Re8 13.Nh2 Nh5 14.Ne2 Qd6 15.Be3 f5
16.exf5  1/2-1/2

[Event "Politiken Cup"]
[Site "Copenhagen DEN"]
[Date "2004.07.25"]
[Round "2"]
[White "Mortensen,E"]
[Black "Pedersen,Stee"]
[Result "1-0"]
[WhiteElo "2455"]
[BlackElo "1954"]

1.e4 c5 2.Nf3 Nc6 3.Bb5 g6 4.O-O Bg7 5.c3 e6 6.d4 cxd4 7.cxd4 Qb6 8.Bxc6 bxc6
9.Nc3 d5 10.e5 h6 11.Na4 Qc7 12.b3 Bf8 13.Qc2 a5 14.Nc5 Qa7 15.Ba3 Be7 16.Rfe1 Kf8
17.Re3 Bd7 18.Rc3 Be8 19.Qc1 Kg7 20.Nd3 Bd7 21.Bc5 Qc7 22.Bxe7 Nxe7 23.Qf4 Rag8
24.Qd2 Ra8 25.Nc5 Rhf8 26.Qf4 f5 27.exf6+  1-0

[Event "Politiken Cup"]
[Site "Copenhagen DEN"]
[Date "2004.07.25"]
[Round "2"]
[White "Sadvakasov,D"]
[Black "Peschardt,S"]
[Result "1-0"]
[WhiteElo "2626"]
[BlackElo "2200"]

1.e4 c5 2.Nf3 Nc6 3.Bb5 e6 4.O-O d6 5.c3 Bd7 6.d4 cxd4 7.cxd4 Nf6 8.Nc3 a6
9.Bd3 Be7 10.e5 dxe5 11.dxe5 Ng4 12.Qe2 Qc7 13.Re1 h5 14.h3 Nh6 15.Bf4 O-O-O
16.Rac1 Rdg8 17.Qe3 Qd8 18.Nd5 exd5 19.e6 Bxe6 20.Rxc6+ bxc6 21.Qa7 Qa5 22.Qb8+ Kd7
23.Ne5+  1-0

[Event "Politiken Cup"]
[Site "Copenhagen DEN"]
[Date "2004.07.25"]
[Round "3"]
[White "Backelin,R"]
[Black "Gvein,K"]
[Result "1-0"]
[WhiteElo "2292"]
[BlackElo "2102"]

1.e4 c5 2.Nf3 Nc6 3.Bb5 g6 4.Bxc6 dxc6 5.h3 Bg7 6.d3 e5 7.Be3 b6 8.Qd2 Qe7
9.a3 a5 10.Nc3 a4 11.O-O h6 12.Nh2 f5 13.exf5 Bxf5 14.f4 Nf6 15.fxe5 Nd5
16.Nxd5 cxd5 17.Rae1 d4 18.Bf4 Be6 19.Bg3 Rd8 20.Qe2 Bf5 21.Nf3 O-O 22.Nh4 Qe6
23.Nxf5 gxf5 24.Bf4 Rd7 25.Qh5 Rdf7 26.Rf3 Kh7 27.Rg3 Rg8 28.Rf1 Bf8 29.Rxg8 Kxg8
30.Rf3 Kh7 31.Bh2 Bg7 32.g4 Qg6 33.Qxg6+ Kxg6 34.e6  1-0

[Event "IM"]
[Site "Balatonlelle HUN"]
[Date "2004.07.26"]
[Round "8"]
[White "Roth,Pe"]
[Black "Hecht,HJ"]
[Result "1/2-1/2"]
[WhiteElo "2244"]
[BlackElo "2423"]

1.e4 c5 2.Nf3 Nc6 3.Bb5 g6 4.Bxc6 dxc6 5.d3 Bg7 6.Nc3 e5 7.h3 Qe7 8.Be3 Nf6
9.Qd2 Nd7 10.Bh6 f6 11.Bxg7 Qxg7 12.Ne2 Nf8 13.c3 Ne6 14.d4 cxd4  1/2-1/2

[Event "Politiken Cup"]
[Site "Copenhagen DEN"]
[Date "2004.07.26"]
[Round "4"]
[White "Larsen,Ka"]
[Black "Aabling Thomsen,J"]
[Result "1-0"]
[WhiteElo "2302"]
[BlackElo "2139"]

1.e4 c5 2.Nf3 Nc6 3.Bb5 Qc7 4.O-O Nf6 5.Re1 e6 6.c3 a6 7.Bf1 d5 8.e5 Nd7
9.d4 Be7 10.Bg5 f6 11.exf6 Nxf6 12.Nbd2 O-O 13.Bh4 Bd6 14.Bg3 Bd7 15.Rc1 Bxg3
16.hxg3 Ng4 17.Nb3 c4 18.Nc5 Rae8 19.Rc2 Bc8 20.Ng5 e5 21.dxe5 Rxe5 22.Nce6 Bxe6
23.Nxe6 Rxe1 24.Qxe1 Qf7 25.Nxf8 Qh5 26.Bxc4 dxc4 27.Nd7 Qh2+ 28.Kf1 Qh1+
29.Ke2 Qxg2 30.Kd1 Qf3+ 31.Kc1 Qf7 32.Rd2 h6 33.Qe2 Qh5 34.Qxc4+ Kh8 35.Qe4 a5
36.a4 Nh2 37.Qh1 Qh3 38.f3 Qf1+ 39.Qxf1 Nxf1 40.Rg2  1-0

[Event "7th Open"]
[Site "Korinthos GRE"]
[Date "2004.07.26"]
[Round "6"]
[White "Tsilidis,A"]
[Black "Ziogas,P"]
[Result "1-0"]
[WhiteElo "2315"]
[BlackElo "2124"]

1.e4 c5 2.Nf3 Nc6 3.Bb5 Qb6 4.Qe2 e6 5.O-O a6 6.Ba4 Nge7 7.c3 g6 8.e5 Bg7
9.Rd1 Qc7 10.d4 cxd4 11.cxd4 d6 12.Bf4 d5 13.Nc3 b5 14.Bc2 O-O 15.Qd2 Bd7
16.h4 h5 17.Ne2 Nc8 18.g4 hxg4 19.Nh2 Qd8 20.Bg5 f6 21.exf6 Bxf6 22.Nxg4 Bxg5
23.hxg5 Kg7 24.Nf6 N8e7 25.Nf4 e5 26.dxe5 Nxe5 27.Kg2 Ng4 28.Nxg4 Bxg4 29.Qd4+ Kf7
30.Rh1 Bh5 31.Nxh5 gxh5 32.Rxh5  1-0

[Event "Summer Open"]
[Site "Pirot SCG"]
[Date "2004.07.26"]
[Round "2"]
[White "Djokic,V"]
[Black "Martinovic,Sl"]
[Result "0-1"]
[WhiteElo "2161"]
[BlackElo "2443"]

1.e4 c5 2.Nf3 Nc6 3.Bb5 g6 4.O-O Bg7 5.Bxc6 bxc6 6.Re1 Nh6 7.c3 O-O 8.d4 cxd4
9.cxd4 d6 10.h3 f6 11.Qb3+ Nf7 12.e5 fxe5 13.dxe5 Qb6 14.Qxb6 axb6 15.Nbd2 Ba6
16.exd6 exd6 17.Ne4 Rfe8 18.Bd2 Bc4 19.Bc3 Bd5 20.Nfd2 Bxe4 21.Nxe4 d5 22.Nf6+ Bxf6
23.Rxe8+ Rxe8 24.Bxf6 Nd6 25.f3 Kf7 26.Bc3 c5 27.Kf2 d4 28.Be1 Ke6 29.a4 Kd5
30.a5 bxa5 31.Rxa5 Nc4 32.Rb5 Kc6 33.Rb3 Ra8 34.f4 Ra2 35.Kf3 Nxb2 36.Ke4 Nc4
37.g4 Re2+ 38.Kd3 Rxe1 39.Kxc4 Rc1+ 40.Kd3 c4+  0-1

[Event "Mark Pinto IM"]
[Site "San Francisco USA"]
[Date "2004.07.26"]
[Round "6"]
[White "Stein,Alex"]
[Black "Batchimeg,T"]
[Result "0-1"]
[WhiteElo "2339"]
[BlackElo "2169"]

1.e4 c5 2.Nf3 Nc6 3.Bb5 g6 4.O-O Bg7 5.Re1 d6 6.e5 Qc7 7.d4 cxd4 8.Bf4 d5
9.c4 dxc3 10.Nxc3 e6 11.Nxd5 exd5 12.e6 Qxf4 13.exf7+ Kf8 14.fxg8=Q+ Kxg8
15.Qxd5+ Qf7 16.Qc5 Bf8 17.Qc1 Kg7 18.Ng5 Qf5 19.Bc4 Bc5 20.Ne6+ Bxe6 21.Bxe6 Bxf2+
22.Kh1 Qc5 23.Qf4 Bxe1 24.Qf7+ Kh6 25.Qc7  0-1

[Event "Open"]
[Site "Balatonlelle HUN"]
[Date "2004.07.27"]
[Round "9"]
[White "Czebe,A"]
[Black "Berczes,C"]
[Result "0-1"]
[WhiteElo "2481"]
[BlackElo "2371"]

1.e4 c5 2.Nf3 Nc6 3.Bb5 g6 4.Bxc6 dxc6 5.d3 Bg7 6.Nc3 Nf6 7.h3 O-O 8.Be3 b6
9.Qd2 Ne8 10.Bh6 f6 11.O-O e5 12.Nh2 g5 13.Ng4 Bxg4 14.Bxg7 Nxg7 15.hxg4 Qd7
16.Qe2 Ne6 17.g3 h5 18.f3 hxg4 19.fxg4 Nd4 20.Qd1 Kg7 21.Nb1 Rh8 22.c3 Rh3
23.cxd4 Qxd4+ 24.Kg2 Rah8 25.Kf3 Qxb2 26.Nc3 Rxg3+  0-1

[Event "7th Open"]
[Site "Korinthos GRE"]
[Date "2004.07.27"]
[Round "7"]
[White "Georgiou,K"]
[Black "Vazouras,T"]
[Result "1-0"]
[WhiteElo "2238"]
[BlackElo "2029"]

1.e4 c5 2.Nf3 Nc6 3.Bb5 g6 4.c3 a6 5.Bxc6 bxc6 6.d4 d5 7.dxc5 Bg7 8.e5 f6
9.Bf4 Nh6 10.exf6 exf6 11.O-O O-O 12.Na3 Nf7 13.Nd4 Ne5 14.Bxe5 fxe5 15.Nxc6 Qd7
16.Qxd5+ Kh8 17.Qxd7 Bxd7 18.Na5 Rab8 19.N3c4 Bb5 20.Rfe1 Rbc8 21.b4 e4 22.Re3 Rf4
23.a4 Bc6 24.Nd6 Rc7 25.Nxc6 Rxc6 26.Nxe4  1-0

[Event "MTO"]
[Site "Biel SUI"]
[Date "2004.07.28"]
[Round "9"]
[White "Alekseev,Evgeny"]
[Black "Eljanov,P"]
[Result "1/2-1/2"]
[WhiteElo "2606"]
[BlackElo "2613"]

1.e4 c5 2.Nf3 Nc6 3.Bb5 Nf6 4.Bxc6 dxc6 5.d3 Bg4 6.Nbd2 Nd7 7.h3 Bh5 8.g4 Bg6
9.Nc4 f6 10.O-O e5 11.Ne3 Qc7 12.a3 a5 13.a4 Bf7 14.Qe2 g5 15.Nf5 h5 16.Be3 O-O-O
17.Nd2 Nb8 18.Kg2 Na6 19.Nc4 b6 20.Rh1 Kb7 21.c3 Qd7 22.Rhd1 Be6 23.b3 Qc7
24.Rh1 Rd7 25.f3 Rdh7 26.Bf2 Ka7 27.Bg3 Qd8 28.Bf2 Rd7 29.Rhd1 Kb7  1/2-1/2